La Microempresa en El Salvador: (Registro nro. 9737)
[ vista simple ]
| 000 -LEADER | |
|---|---|
| fixed length control field | 00975nam a2200181Ia 4500 |
| 005 - FECHA Y HORA DE LA ÚLTIMA TRANSACCIÓN | |
| control field | 20231012163544.0 |
| 008 - FIXED-LENGTH DATA ELEMENTS--GENERAL INFORMATION | |
| fixed length control field | 231011s9999 xx 000 0 und d |
| 040 ## - CATALOGING SOURCE | |
| Original cataloging agency | UPAN |
| Transcribing agency | Biblioteca San Vicente |
| Description conventions | RCAA2 |
| 041 ## - LANGUAGE CODE | |
| Language code of text/sound track or separate title | spa |
| 082 ## - DEWEY DECIMAL CLASSIFICATION NUMBER | |
| Classification number | 338.642 728 4 |
| Item number | O353m |
| año de publicación | 2001 |
| 110 ## - MAIN ENTRY--CORPORATE NAME | |
| Corporate name or jurisdiction name as entry element | Comisión Nacional de la Micro y Pequeña Empresa |
| Relator code | aut. |
| 245 #0 - TITLE STATEMENT | |
| Title | La Microempresa en El Salvador: |
| Remainder of title | Magnitud , importancia y características a finales de los años noventa/ |
| Statement of responsibility, etc | Comisión Nacional de la Micro y Pequeña Empresa |
| 260 ## - PUBLICATION, DISTRIBUTION, ETC. (IMPRINT) | |
| Place of publication, distribution, etc | Costa Rica: |
| Name of publisher, distributor, etc | OIT, |
| Date of publication, distribution, etc | 2001 |
| 300 ## - PHYSICAL DESCRIPTION | |
| Extent | 140 p.; |
| Dimensions | 27 cm. |
| 505 ## - FORMATTED CONTENTS NOTE | |
| Formatted contents note | Capitulo 1. Principales rasgos del mercado de trabajo, Capitulo 2. Identifiacciòn de los estratos prodcutivos, Capitulo 3. La segmentaciòn del mercado de trabajo, Capitulo 4. Papel de la micro y pequeña empresa no agrìcola, Capitulo 5. Los microproductores no agrìcolas y sus negocios, Capitulo 6. Conclusiones |
| 650 ## - SUBJECT ADDED ENTRY--TOPICAL TERM | |
| Source of heading or term | LEMB |
| General subdivision | Microempresa |
| Geographic subdivision | El Salvador |
| 942 ## - ADDED ENTRY ELEMENTS (KOHA) | |
| Koha item type | Libros |
| Source of classification or shelving scheme | Dewey Decimal Classification |
| Withdrawn status | Lost status | Source of classification or shelving scheme | Damaged status | Not for loan | Collection code | Home library | Current library | Date acquired | Total Checkouts | Full call number | Barcode | Date last seen | Copy number | Price effective from | Koha item type |
|---|---|---|---|---|---|---|---|---|---|---|---|---|---|---|---|
| Dewey Decimal Classification | Referencia | Biblioteca UPAN San Vicente | Biblioteca UPAN San Vicente | 12/10/2023 | 338.642 728 4 O353m | 12003726 | 12/10/2023 | 01 | 12/10/2023 | Libros | |||||
| Dewey Decimal Classification | Referencia | Biblioteca UPAN San Vicente | Biblioteca UPAN San Vicente | 12/10/2023 | 338.642 728 4 O353m | 12003725 | 12/10/2023 | 02 | 12/10/2023 | Libros | |||||
| Dewey Decimal Classification | Referencia | Biblioteca UPAN San Vicente | Biblioteca UPAN San Vicente | 12/10/2023 | 338.642 728 4 O353m | 12003724 | 12/10/2023 | 03 | 12/10/2023 | Libros |